Berühmte Deutsche nach Geburtsjahr 1980-1999 - Statistiken

Allgemein
  • Dieses Quiz wurde 129 mal gespielt
  • Das Durchschnittsergebnis liegt bei 13 aus 20
Antwortstatistiken
Jahr Hinweis Person % Korrekt
1984 "Atemlos"-Interpretin Helene Fischer
97%
1991 ESC-Siegerin mit "Satellite" Lena Meyer-Landrut
93%
1986 Torwart, Fußballweltmeister 2014 Manuel Neuer
93%
1987 Vierfacher Formel 1-Weltmeister Sebastian Vettel
91%
1989 Tokio Hotel-Sänger Bill Kaulitz
90%
1985 Kölner Fußballprinz Lukas Podolski
85%
1983 Sänger ("Auf uns") Andreas Bourani
80%
1980 Sängerin ("Vincent", "Wie schön du bist") Sarah Connor
78%
1998 "Wildberry Lillet"-Rapperin Nina Chuba
68%
1982 "Lila Wolken"-Rapper Marteria
64%
1981 Schauspieler ("Keinohrhasen", "100 Dinge") Matthias Schweighöfer
64%
1997 Tennis-Olympiasieger 2020 (2021) Alexander Zverev
62%
1996 Fußballer (Man City, Bayern) Leroy Sané
60%
1992 Sänger mit Reibeisenstimme ("Vermissen") Henning May
59%
1999 Musiker-Zwillinge und frühere YouTuber Heiko & Roman Lochmann
53%
1993 YouTuberin mit den meisten Abonnenten Bianca "Bibi" Heinicke
47%
1995 Eishockeystar (Edmonton Oilers) Leon Draisaitl
40%
1994 DJ ("Ain’t Nobody (Loves Me Better)") Felix Jaehn
38%
1988 YouTuber mit den meisten Abonnenten und Stimme von Sonic Julien Bam
28%
1990 "Der Vorleser"-Schauspieler David Kross
14%
Keine übereinstimmenden Quizze gefunden
Verteilung der Resultate
Anzahl Personen mit jedem Resultat
Perzentil nach korrekt beantworteten Fragen
Ihre Resultats-Entwicklung
Sie haben dieses Quiz noch nicht gespielt